<?xml version="1.0" encoding="UTF-8"?><?xml-stylesheet type="text/xsl" href="static/style.xsl"?><OAI-PMH xmlns="http://www.openarchives.org/OAI/2.0/" xmlns:xsi="http://www.w3.org/2001/XMLSchema-instance" xsi:schemaLocation="http://www.openarchives.org/OAI/2.0/ http://www.openarchives.org/OAI/2.0/OAI-PMH.xsd"><responseDate>2026-04-17T19:24:03Z</responseDate><request verb="GetRecord" identifier="oai:www.recercat.cat:10230/54639" metadataPrefix="marc">https://recercat.cat/oai/request</request><GetRecord><record><header><identifier>oai:recercat.cat:10230/54639</identifier><datestamp>2025-12-19T20:29:47Z</datestamp><setSpec>com_2072_6</setSpec><setSpec>col_2072_452954</setSpec></header><metadata><record xmlns="http://www.loc.gov/MARC21/slim" xmlns:dcterms="http://purl.org/dc/terms/" xmlns:xsi="http://www.w3.org/2001/XMLSchema-instance" xmlns:doc="http://www.lyncode.com/xoai" xsi:schemaLocation="http://www.loc.gov/MARC21/slim http://www.loc.gov/standards/marcxml/schema/MARC21slim.xsd">
   <leader>00925njm 22002777a 4500</leader>
   <datafield ind2=" " ind1=" " tag="042">
      <subfield code="a">dc</subfield>
   </datafield>
   <datafield ind2=" " ind1=" " tag="720">
      <subfield code="a">Villarmea Sancho, Alba</subfield>
      <subfield code="e">author</subfield>
   </datafield>
   <datafield ind2=" " ind1=" " tag="260">
      <subfield code="c">2022-10-28T16:29:59Z</subfield>
   </datafield>
   <datafield ind2=" " ind1=" " tag="260">
      <subfield code="c">2022-10-28T16:29:59Z</subfield>
   </datafield>
   <datafield ind2=" " ind1=" " tag="260">
      <subfield code="c">2022</subfield>
   </datafield>
   <datafield ind2=" " ind1=" " tag="520">
      <subfield code="a">Tutor: Gonzalo de Lucas</subfield>
   </datafield>
   <datafield ind2=" " ind1=" " tag="520">
      <subfield code="a">Treball de fi de Máster en Estudis de Cinema y Audiovisual Contemporanis</subfield>
   </datafield>
   <datafield ind2=" " ind1=" " tag="520">
      <subfield code="a">La vida campesina ha sido un motivo visual recurrente en el continente europeo desde que se&#xd;
popularizaron sus representaciones pictóricas en el siglo XVIII. Durante tres siglos, diferentes&#xd;
formas de arte se han interesado por lo rural y sus habitantes como reacción a transformaciones&#xd;
socioeconómicas que han puesto en peligro las formas de vida del continente. La representación&#xd;
campesina, sin embargo, ha sido ambivalente moviéndose entre las imágenes nostálgicas y la&#xd;
vinculación de lo rural como símbolo del atraso. Tras la Segunda Guerra Mundial una serie de&#xd;
cineastas en Europa llevan a cabo proyectos que se interesan por el campesinado tratando de&#xd;
encontrar maneras más honestas de documentar sus vidas, pero sin deshacerse por completo de&#xd;
los arquetipos representacionales o de las metodologías de trabajo previas. En el siguiente texto&#xd;
analizaremos estas nuevas imágenes buscando la potencial aparición de espacios que posibiliten&#xd;
la emergencia de la subjetividad campesina, como individualidad, identidad y autonomía.</subfield>
   </datafield>
   <datafield ind2=" " ind1=" " tag="520">
      <subfield code="a">The peasant life has been a recurrent visual motif on the European continent since its pictorial&#xd;
representations became popular in the 18th century. For three centuries, different forms of art&#xd;
have been interested in the rural world and its inhabitants as a reaction to socioeconomic&#xd;
transformations that have endangered the ways of life of the continent. The peasant representation,&#xd;
however, has been ambivalent, either through nostalgic images or the rural world as a symbol of&#xd;
backwardness. After the Second World War, some European filmmakers carried out projects&#xd;
about the peasantry trying to find more honest ways of documenting their lives, but without&#xd;
completely getting rid of representational archetypes or previous ways of working. In this text we&#xd;
will analyze these new images, looking for the potential filmic spaces that enable the peasant&#xd;
subjectivity as individuality, identity, and autonomy</subfield>
   </datafield>
   <datafield tag="653" ind2=" " ind1=" ">
      <subfield code="a">Cine de lo campesino</subfield>
   </datafield>
   <datafield tag="653" ind2=" " ind1=" ">
      <subfield code="a">representación</subfield>
   </datafield>
   <datafield tag="653" ind2=" " ind1=" ">
      <subfield code="a">identidad campesina</subfield>
   </datafield>
   <datafield tag="653" ind2=" " ind1=" ">
      <subfield code="a">subjetividad</subfield>
   </datafield>
   <datafield tag="653" ind2=" " ind1=" ">
      <subfield code="a">rostro</subfield>
   </datafield>
   <datafield tag="653" ind2=" " ind1=" ">
      <subfield code="a">retrato</subfield>
   </datafield>
   <datafield tag="653" ind2=" " ind1=" ">
      <subfield code="a">otredad</subfield>
   </datafield>
   <datafield tag="653" ind2=" " ind1=" ">
      <subfield code="a">sujetos inapropiables</subfield>
   </datafield>
   <datafield tag="653" ind2=" " ind1=" ">
      <subfield code="a">etnografía</subfield>
   </datafield>
   <datafield tag="653" ind2=" " ind1=" ">
      <subfield code="a">antropología compartida</subfield>
   </datafield>
   <datafield tag="653" ind2=" " ind1=" ">
      <subfield code="a">Vittorio de Seta</subfield>
   </datafield>
   <datafield tag="653" ind2=" " ind1=" ">
      <subfield code="a">Georges Rouquier</subfield>
   </datafield>
   <datafield tag="653" ind2=" " ind1=" ">
      <subfield code="a">Serguei Loznitsa</subfield>
   </datafield>
   <datafield tag="653" ind2=" " ind1=" ">
      <subfield code="a">Ermanno Olmi</subfield>
   </datafield>
   <datafield tag="653" ind2=" " ind1=" ">
      <subfield code="a">Raymond Depardon</subfield>
   </datafield>
   <datafield tag="653" ind2=" " ind1=" ">
      <subfield code="a">Manuela Serra</subfield>
   </datafield>
   <datafield tag="653" ind2=" " ind1=" ">
      <subfield code="a">Manuel de Oliveira</subfield>
   </datafield>
   <datafield tag="653" ind2=" " ind1=" ">
      <subfield code="a">Margarita Cordeiro</subfield>
   </datafield>
   <datafield tag="653" ind2=" " ind1=" ">
      <subfield code="a">Margarita Cordeiro</subfield>
   </datafield>
   <datafield tag="653" ind2=" " ind1=" ">
      <subfield code="a">Chema Sarmiento</subfield>
   </datafield>
   <datafield ind2="0" ind1="0" tag="245">
      <subfield code="a">Filmar al otro, filmar a la otra: la subjetividad del campesinado europeo a través del relato</subfield>
   </datafield>
</record></metadata></record></GetRecord></OAI-PMH>